| Tag |
First Indicator |
Second Indicator |
Subfields |
| LEADER |
00000cam a2200000 a 4500 |
| 001 |
in00002497635 |
| 005 |
20151111050145.0 |
| 008 |
090224s2009 cc a 001 0 eng |
| 020 |
|
|
|a 9789622099586 (hbk.)
|
| 020 |
|
|
|a 9622099580 (hbk.)
|
| 020 |
|
|
|a 9622099599 (pbk.)
|
| 020 |
|
|
|a 9789622099593 (pbk.)
|
| 035 |
|
|
|a (OCoLC)ocn312626977
|
| 040 |
|
|
|a UKM
|c UKM
|d BWK
|d CDX
|d TXA
|d UtOrBLW
|
| 049 |
|
|
|a TXAM
|
| 082 |
0 |
|
|a 370.11750959
|2 22
|
| 090 |
|
|
|a LC3737.A2
|b L56 2009
|
| 100 |
1 |
|
|a Lin, Angel,
|d 1962-
|
| 245 |
1 |
0 |
|a Bilingual education :
|b Southeast Asian perspectives /
|c Angel M. Y. Lin and Evelyn Y. F. Man ; foreword by Jim Cummins.
|
| 264 |
|
1 |
|a Hong Kong :
|b Hong Kong University Press,
|c [2009]
|
| 264 |
|
4 |
|c ©2009
|
| 300 |
|
|
|a xii, 162 pages :
|b illustrations ;
|c 23 cm.
|
| 336 |
|
|
|a text
|b txt
|2 rdacontent
|
| 337 |
|
|
|a unmediated
|b n
|2 rdamedia
|
| 338 |
|
|
|a volume
|b nc
|2 rdacarrier
|
| 504 |
|
|
|a Includes bibliographical references (pages 143-158) and index.
|
| 650 |
|
0 |
|a Education, Bilingual
|z Southeast Asia.
|
| 650 |
|
0 |
|a Education, Bilingual
|x Government policy
|z Southeast Asia.
|
| 650 |
|
0 |
|a Education, Bilingual
|z China
|z Hong Kong.
|
| 700 |
1 |
|
|a Man, Evelyn Y. F.
|
| 945 |
|
|
|a PromptCat
|
| 948 |
|
|
|a cataloged
|b h
|c 2009/8/10
|d c
|e dmitchel
|f 11:30:20 am
|
| 994 |
|
|
|a C0
|b TXA
|
| 999 |
|
|
|a MARS
|
| 999 |
f |
f |
|s 1dc66faf-3fb5-37ed-b423-30f062317065
|i 80f91e02-7948-3e7a-a8ea-ebd308d34c32
|t 0
|
| 952 |
f |
f |
|p normal
|a Texas A&M University
|b College Station
|c Sterling C. Evans Library
|d Evans: Library Stacks
|t 0
|e LC3737.A2 L56 2009
|h Library of Congress classification
|i unmediated -- volume
|m A14839936879
|
| 998 |
f |
f |
|a LC3737.A2 L56 2009
|t 0
|l Evans: Library Stacks
|